LEADER 04234nam 2200517 a 450 001 9910966671703321 005 20241120232819.0 010 $a9781118652459 010 $a1118652452 010 $a9781118652466 010 $a1118652460 035 $a(CKB)24989725400041 035 $a(MiAaPQ)EBC1204061 035 $a(MiAaPQ)EBC7103921 035 $a(Au-PeEL)EBL1204061 035 $a(CaPaEBR)ebr10713647 035 $a(OCoLC)826324808 035 $a(PPN)17466544X 035 $a(Perlego)1003043 035 $a(EXLCZ)9924989725400041 100 $a20130130d2013 uy 0 101 0 $aeng 135 $aur||||||||||| 181 $ctxt$2rdacontent 182 $cc$2rdamedia 183 $acr$2rdacarrier 200 10$aMedical instrument design and development $efrom requirements to market placements : includes a case study in ECG implementation /$fClaudio Becchetti, Alessandro Neri 210 $aChichester, West Sussex $cJohn Wiley & Sons$d2013 215 $axxii, 575 p. $cill. (some col.) 320 $aIncludes bibliographical references and index. 327 $aSystem engineering -- Concepts and requirements -- Biomedical engineering design -- Signal processing and estimation -- Applied electronics -- Medical software -- C-health -- Certification process. 330 8 $aThis book explains all of the stages involved in developing medical devices; from concept to medical approval including system engineering, bioinstrumentation design, signal processing, electronics, software and ICT with Cloud and e-Health development. Medical Instrument Design and Development offers a comprehensive theoretical background with extensive use of diagrams, graphics and tables (around 400 throughout the book). The book explains how the theory is translated into industrial medical products using a market-sold Electrocardiograph disclosed in its design by the Gamma Cardio Soft manufacturer. The sequence of the chapters reflects the product development lifecycle. Each chapter is focused on a specific University course and is divided into two sections: theory and implementation. The theory sections explain the main concepts and principles which remain valid across technological evolutions of medical instrumentation. The Implementation sections show how the theory is translated into a medical product. The Electrocardiograph (ECG or EKG) is used as an example as it is a suitable device to explore to fully understand medical instrumentation since it is sufficiently simple but encompasses all the main areas involved in developing medical electronic equipment. Key Features: * Introduces a system-level approach to product design * Covers topics such as bioinstrumentation, signal processing, information theory, electronics, software, firmware, telemedicine, e-Health and medical device certification * Explains how to use theory to implement a market product (using ECG as an example) * Examines the design and applications of main medical instruments * Details the additional know-how required for product implementation: business context, system design, project management, intellectual property rights, product life cycle, etc. * Includes an accompanying website with the design of the certified ECG product ( www.gammacardiosoft.it/book ) * Discloses the details of a marketed ECG Product (from Gamma Cardio Soft) compliant with the ANSI standard AAMI EC 11 under open licenses (GNU GPL, Creative Common) This book is written for biomedical engineering courses (upper-level undergraduate and graduate students) and for engineers interested in medical instrumentation/device design with a comprehensive and interdisciplinary system perspective. 606 $aElectrocardiography 606 $aMedical instruments and apparatus$xDesign and construction 615 0$aElectrocardiography. 615 0$aMedical instruments and apparatus$xDesign and construction. 676 $a610.28 700 $aBecchetti$b Claudio$0149983 701 $aNeri$b A$g(Alessandro)$0250001 801 0$bMiAaPQ 801 1$bMiAaPQ 801 2$bMiAaPQ 906 $aBOOK 912 $a9910966671703321 996 $aMedical instrument design and development$94358601 997 $aUNINA LEADER 02193nam0 22004693i 450 001 CFI0084964 005 20251003044119.0 010 $a8815006273 100 $a20081010d1984 ||||0itac50 ba 101 | $aita 102 $ait 181 1$6z01$ai $bxxxe 182 1$6z01$an 200 1 $aˆLo ‰scambio complesso$egoverni, politiche industriali e imprese nei paesi avanzati$fdi Antonio Martelli 210 $aBologna$cIl mulino$d1984 215 $a356 p.$d22 cm. 225 | $aQuaderni de L'industria$v20 410 0$1001CFI0004132$12001 $aQuaderni de L'industria$v20 606 $aPolitica industriale$2FIR$3CFIC006705$9E 676 $a338.09$9EFFICIENZA PRODUTTIVA. EFFETTO DELLE INNOVAZIONI TECNOLOGICHE. STORIA, GEOGRAFIA, PERSONE$v23 676 $a338.9$9SVILUPPO ECONOMICO$v20 676 $a338.9$9SVILUPPO ECONOMICO$v21 686 $a330.0$cSTORIA ECONOMICA E SOCIALE 1945-1968$2R 686 $a330.2$cINDUSTRIA 1945-1968$2R 686 $a331.0$cSVILUPPO ECONOMICO 1945-1968$2R 686 $a430.0$cSTORIA ECONOMICA E SOCIALE 1968-1989$2R 686 $a430.2$cINDUSTRIA 1968-1989$2R 686 $a431.0$cSVILUPPO ECONOMICO 1968-1989$2R 686 $aIT/3432.0$cINDUSTRIA ITALIA 1945-1968$2R 686 $aIT/3432.1$cPOLITICA E LEGISLAZIONE INDUSTRIALE ITALIA 1945-1968$2R 686 $aIT/4432.0$cINDUSTRIA ITALIA 1968-1989$2R 686 $aIT/4432.1$cPOLITICA E LEGISLAZIONE INDUSTRIALE ITALIA 1968-1989$2R 700 1$aMartelli$b, Antonio$f <1936- >$3CFIV012095$4070$067229 801 3$aIT$bIT-000000$c20081010 850 $aIT-BN0095 $aIT-NA0457 901 $bNAP BI$cSALA 1 $nLibri da 1 a 960 901 $bNAP 01$cPOZZO LIB.$nVi sono collocati fondi di economia, periodici di ingegneria e scienze, periodici di economia e statistica e altri fondi comprendenti documenti di economia pervenuti in dono. 912 $aCFI0084964 950 0$aBiblioteca Centralizzata di Ateneo$c1 v.$d 01POZZO LIB.F. SANTI 447$e 0101 0060032255E VMA 1 v. (Precedente collocazione S 265)$fB $h20221111$i20221111 977 $a 01$a BI 996 $aScambio complesso$947055 997 $aUNISANNIO